000 00373 a2200157 4500
001 72277
020 _a8572780505
040 _cAnchieta - Colégio São Paulo
100 _aGalrão, Iray
240 1 0 _aAnjinho Jojó o pintor da Terra
_lpor
245 1 0 _aAnjinho Jojó o pintor da Terra
300 _a26
362 0 _a1999
650 4 _aLiteratura infantil
942 _cBK
999 _c72277
_d72277